Normal view
MARC view
- BENRILL, N. J
Entry Personal Name
001 - CONTROL NUMBER
- control field: 59478
003 - CONTROL NUMBER IDENTIFIER
- control field: NUST
005 - DATE AND TIME OF LATEST TRANSACTION
- control field: 20210628202339.0
008 - FIXED-LENGTH DATA ELEMENTS
- fixed length control field: 210628|| aca||aabn | a|a d
040 ## - CATALOGING SOURCE
- Original cataloging agency: NUST
- Transcribing agency: NUST
100 ## - HEADING--PERSONAL NAME
- Personal name: BENRILL, N. J
670 ## - SOURCE DATA FOUND
- Source citation: Work cat.: (NUST): BENRILL, N. J, MAN'S EMERGING MIND THE STORY OF MAN'S PROGRESS THROUGH TIME, 1957
